| 000 -LEADER |
| fixed length control field |
01573nam a22002657a 4500 |
| 005 - DATE AND TIME OF LATEST TRANSACTION |
| control field |
20230925121451.0 |
| 008 - FIXED-LENGTH DATA ELEMENTS--GENERAL INFORMATION |
| fixed length control field |
230925s2016 ge ||||| |||| 00| 0 eng d |
| 020 ## - INTERNATIONAL STANDARD BOOK NUMBER |
| International Standard Book Number |
9789941250156 |
| 041 ## - LANGUAGE CODE |
| Language code of text/sound track or separate title |
eng |
| 080 ## - UNIVERSAL DECIMAL CLASSIFICATION NUMBER |
| Universal Decimal Classification number |
94(479.22:4)(093) D-90 |
| 100 ## - MAIN ENTRY--PERSONAL NAME |
| Personal name |
Dundua, Tedo |
| 9 (RLIN) |
17376 |
| 245 ## - TITLE STATEMENT |
| Title |
Georgia within the European Integration / |
| Statement of responsibility, etc. |
Tedo Dundua; editor Alexander Boshishvili; Ivane Javakhishvili Tbilisi State University, Faculty of Humanities, Institute of Georgian History. |
| 264 ## - PRODUCTION, PUBLICATION, DISTRIBUTION, MANUFACTURE, AND COPYRIGHT NOTICE |
| Place of production, publication, distribution, manufacture |
Tbilisi : |
| Name of producer, publisher, distributor, manufacturer |
Meridian, |
| Date of production, publication, distribution, manufacture, or copyright notice |
2016. |
| 300 ## - PHYSICAL DESCRIPTION |
| Extent |
260 p. : |
| Other physical details |
tab., fig., maps ; |
| Dimensions |
20 cm. |
| 521 ## - TARGET AUDIENCE NOTE |
| Target audience note |
ბიბლიოგრ. ტექსტის შენიშვნებში. |
| 653 ## - INDEX TERM--UNCONTROLLED |
| keyword |
საქართველო-ევროპის ურთიერთობათა ისტორია |
| 653 ## - INDEX TERM--UNCONTROLLED |
| keyword |
დოკუმენტური წყაროები. |
| 653 ## - INDEX TERM--UNCONTROLLED |
| keyword |
ევროპა-საქართველოს ურთიერთობათა ისტორია |
| 653 ## - INDEX TERM--UNCONTROLLED |
| keyword |
საქართველოს ნუმიზმატიკა |
| 653 ## - INDEX TERM--UNCONTROLLED |
| keyword |
საქართველოს და ანტიკური ქვეყნების ურთიერთობათა ისტორია. |
| 653 ## - INDEX TERM--UNCONTROLLED |
| keyword |
ანტიკური ქვეყნების ნუმიზმატიკა |
| 700 ## - ADDED ENTRY--PERSONAL NAME |
| Personal name |
ბოშიშვილი, ალექსანდრე |
| Relator term |
რედაქტორი |
| 9 (RLIN) |
19906 |
| 710 ## - ADDED ENTRY--CORPORATE NAME |
| Corporate name or jurisdiction name as entry element |
Institute of Georgian History. TSU. |
| Date of meeting or treaty signing |
Faculty of Humanities |
| 9 (RLIN) |
19907 |
| 942 ## - ADDED ENTRY ELEMENTS (KOHA) |
| Source of classification or shelving scheme |
|
| Koha item type |
წიგნი |